Bernardo Atxaga (1951) patrí... [inc.]

Podrobná bibliografia
Hlavný autor: V.O (Autor)
Médium: Článok
Jazyk:slovenčina
Predmet:

MARC

LEADER 00000nab a2200000 a 4500
001 vtls000632363
003 SK-MaSNL
005 20260304102525.0
008 250425c1997 xo 0 slo
015 |a SNBRB19rr/mm-uuuuu 
035 |a CL0632502 
035 |a urn:nbn:sk:snk-abepsv 
035 |a (urnnbn)urn:nbn:sk:snk:ar-000apz 
035 |a (uuid)53f6a5bd-fe9f-4506-94b2-a7742d3b61bf 
040 |a SNKBUCL  |b slo  |c SNKBUCL  |e AACR2 
041 0 |a slo 
044 |a xo  |c SK 
080 |a 82:929:891.69  |2 1981 
080 |a 891.69  |2 1981 
080 |a 860:929  |2 1981 
100 1 |a V.O.  |4 aut  |9 924078 
245 1 0 |a Bernardo Atxaga (1951) patrí... [inc.]  |c V.O. 
600 1 7 |a Atxaga, Bernardo,  |d 1951-  |2 snkbucl  |9 248266 
655 7 |a články z novín a časopisov  |2 snkbucl  |9 267496 
655 7 |a články z odboru literárna veda a krásna literatúra  |2 snkbucl  |9 770045 
773 0 |t Slovenské pohľady  |g Roč. 4+113, č. 7-8 (1997), s. 222 
850 |a Slovenská národná knižnica 
852 |a Slovenská národná knižnica 
958 |a article27 
958 |a LX 
958 |a ES 
958 |a RK 
958 |a OND 
958 |a EUIPO 
992 |a RBX 
999 |c 2845333  |d 2847263